00278nam a2200109Ia 4500008004100000100001900041245002700060260004300087650001400130942000700144999001700151190216s9999||||xx |||||||||||||| ||und|| aVivekanandan G 0aMalayalam-General-Kall bSahithya Pravarthaka Sahakarana Sangam aMalayalam cBK c25908d25908